000 00881nam a2200229Ia 4500
008 130821s2011 ck gr spa
020 _a978 958 8436 41 8
040 _aCo-BoUCM
_bspa
041 0 0 _aspa
100 1 _aOrejuela Botero, Nicolás
_9169625
245 1 4 _aLos estados de excepción en Colombia una aproximación desde los mecanismos de control
_cNicolás Orejuela Botero
260 _aCali (Valle, Colombia)
_bEditorial Bonaventuriana
_c2011
300 _a128 páginas
504 _aIncluye referencias bibliográficas.
650 _aDerecho constitucional
_912725
650 _aDerechos humanos
_zColombia
_930252
650 _aEstado de sitio
_zColombia
_9104719
650 _aEstados de excepción
_zColombia
_983843
650 _aPoderes de emergencia
_zColombia
_983844
942 _cLIBRO
_a8
_e1
_mO668
_2DEWEY
_h342.062
999 _c76985
_d76985